La utopía neoliberal como respuesta al subdesarrollo hondureño

Salvato in:
Dettagli Bibliografici
Autore principale: Hernández Chávez, Alcides
Natura: testo
Pubblicazione: Tegucigalpa
Tags: Aggiungi Tag
Nessun Tag, puoi essere il primo ad aggiungerne!!

MARC

LEADER 00000 a a2200000 04500
001 20913
003
040 |a CRAI/IIS  |c CRAI/IIS 
090 |a 089600  
100 |a Hernández Chávez, Alcides  
245 |a La utopía neoliberal como respuesta al subdesarrollo hondureño  
260 |a Tegucigalpa  
300 |a 31 p.  
999 |c 4125  |d 4125